Normal view
MARC view
- Electromagnetism
Entry Topical Term
001 - CONTROL NUMBER
- control field: 90119
003 - CONTROL NUMBER IDENTIFIER
- control field: NUST
005 - DATE AND TIME OF LATEST TRANSACTION
- control field: 20220301161610.0
008 - FIXED-LENGTH DATA ELEMENTS
- fixed length control field: 220301|| aca||aabn | a|a d
040 ## - CATALOGING SOURCE
- Original cataloging agency: NUST
- Transcribing agency: NUST
150 ## - HEADING--TOPICAL TERM
- Topical term or geographic name entry element: Electromagnetism
- General subdivision: Industrial applications
670 ## - SOURCE DATA FOUND
- Source citation: Work cat.: (NUST)588290: Ulaby, Fawwaz T. (Fawwaz Tayssir), 1943- author. 90117, Fundamentals of applied electromagnetics /, 2015.
